La calidad como factor de desarrollo en la industria conservera
保存先:
| 団体著者: | |
|---|---|
| フォーマット: | 図書 |
| 言語: | スペイン語 |
| 出版事項: |
Santiago
Fundación Chile
1978
|
| 主題: | |
| タグ: |
タグ追加
タグなし, このレコードへの初めてのタグを付けませんか!
|
MARC
| LEADER | 00000nam a2200000 a 4500 | ||
|---|---|---|---|
| 001 | UCR5724 | ||
| 003 | CL-VaPUC | ||
| 005 | 20250121114128.0 | ||
| 008 | 980403e19780000cl 1 spa d | ||
| 082 | 0 | 4 | |a 664.0282 |b FUN |2 21 |
| 110 | 2 | |a Fundación Chile |e author |9 618871 | |
| 245 | 1 | 3 | |a La calidad como factor de desarrollo en la industria conservera |
| 260 | |a Santiago |b Fundación Chile |c 1978 | ||
| 300 | |a 68 p | ||
| 583 | |a last modification |c 19980403 00:00:00 |k Rodrigo Vera | ||
| 650 | 0 | 7 | |a INDUSTRIA CONSERVERA |2 CL-VaPUC |9 618872 |
| 650 | 0 | 0 | |a Alimentos enlatados |9 362669 |
| 650 | 0 | 7 | |a PRODUCTOS ENLATADOS |2 CL-VaPUC |9 406659 |
| 650 | 0 | 0 | |a Envasado |9 262168 |
| 650 | 0 | 0 | |a Control de calidad |9 259714 |
| 650 | 0 | 0 | |a Congresos |9 257560 |
| 942 | |c BK | ||
| 945 | |a crobeson |d 19980403 00:00:00 | ||
| 546 | |a En Español | ||
| 536 | |a Fundación Chile | ||
| 518 | |p La Calidad como Factor de Desarrollo en la Industria Conservera, 2, Santiago, 13 de septiembre de 1978 | ||
| 999 | |c 383141 |d 383139 | ||
| 952 | |0 0 |1 0 |4 0 |6 664_028200000000000_FUN_1978 |7 0 |8 A |9 505168 |a BIBALI |b BIBALI |c GEN |d 2020-01-23 |i 1977962 |o 664.0282 FUN 1978 |p 1977962 |r 2025-01-20 |w 2020-01-23 |y BK |k ALI | ||